[Event "CPA Zevio 2017"]
[Site "?"]
[Date "2017.01.22"]
[Round "5.17"]
[White "Ventirini, Valter"]
[Black "Zonta, Riccardo"]
[Result "0-1"]
[WhiteElo "1359"]
[BlackElo "1578"]
[PlyCount "104"]
[EventDate "2017.01.29"]

1. Nf3 b6 2. e4 Bb7 3. d3 e6 4. Nbd2 d5 5. g3 Nf6 6. e5 Nfd7 7. d4 c5 8. c3 Nc6
9. Bd3 Be7 10. h4 h6 11. O-O O-O 12. Kg2 cxd4 13. cxd4 Rc8 14. a3 a6 15. Rh1 b5
16. Nf1 Qb6 17. Be3 Rc7 18. N3h2 Rfc8 19. Qg4 Kh8 20. Qh5 Bf8 21. Ng4 f5 22.
Ngh2 Nxd4 23. g4 Nxe5 24. Rd1 Nc4 25. Bxc4 dxc4+ 26. Kh3 Bxh1 27. Bxd4 Qc6 28.
f3 Bxf3 29. Re1 Bxg4+ 30. Nxg4 Qf3+ 31. Kh2 Qf4+ 32. Kh1 Qxd4 33. Ne5 Qd5+ 34.
Nf3 c3 35. bxc3 Rxc3 36. N1h2 Rxa3 37. Kg2 Rc2+ 38. Kh3 Rxh2+ 39. Kxh2 Qxf3 40.
Qxf3 Rxf3 41. Rxe6 Ra3 42. Kg2 Kg8 43. Kf1 Kf7 44. Re2 Kf6 45. Rc2 g5 46. Rc6+
Kg7 47. h5 Kf7 48. Ke2 b4 49. Kd1 a5 50. Kc2 Rc3+ 51. Rxc3 bxc3 52. Kxc3 Bb4+
0-1

[Event "CPA Zevio 2017"]
[Site "?"]
[Date "2017.01.22"]
[Round "6.2"]
[White "Steccanella, Willy"]
[Black "Oppici, Gabriele"]
[Result "0-1"]
[WhiteElo "1859"]
[BlackElo "2018"]
[PlyCount "48"]
[EventDate "2017.??.??"]

1. e4 d6 2. g3 Nf6 3. Nc3 e5 4. Nge2 Nc6 5. d3 Bg4 6. Bg2 Nd4 7. f4 Qd7 8. f5
Qc6 9. Nxd4 exd4 10. Ne2 Qb6 11. h3 Bxe2 12. Qxe2 O-O-O 13. Bg5 Be7 14. O-O h6
15. Bh4 Rhe8 16. Qf3 Nd7 17. Bxe7 Rxe7 18. Qf2 f6 19. Rfb1 Ne5 20. b4 Rg8 21.
a4 g6 22. a5 Qc6 23. Qxd4 gxf5 24. exf5 Rxg3 0-1

[Event "CPA Zevio 2017"]
[Site "?"]
[Date "2017.01.22"]
[Round "6.3"]
[White "Negro, Raffaele"]
[Black "Kapllani, Shpetim"]
[Result "1-0"]
[WhiteElo "1804"]
[BlackElo "1449"]
[PlyCount "107"]
[EventDate "2017.??.??"]

1. d4 d5 2. Bf4 g6 3. Nc3 e6 4. Nf3 Bh6 5. Qd2 Bxf4 6. Qxf4 Qf6 7. Qd2 Ne7 8.
e4 Nd7 9. e5 Qg7 10. Nb5 Kd8 11. Be2 a6 12. Nc3 Nc6 13. O-O h6 14. Rfe1 f5 15.
exf6 Nxf6 16. a3 Bd7 17. Bd3 Ne7 18. Ne5 Nf5 19. Ne2 Bb5 20. c4 Bxc4 21. Nxc4
dxc4 22. Bxc4 Nd5 23. Rad1 c6 24. Nf4 Nxf4 25. Qxf4 Qc7 26. Qxc7+ Kxc7 27. Rxe6
g5 28. d5 Rad8 29. Rf6 Nd6 30. Bb3 Rdf8 31. Rxf8 Rxf8 32. dxc6 Kxc6 33. f3 Kc5
34. Rd5+ Kc6 35. Re5 Re8 36. Rxe8 Nxe8 37. Kf2 a5 38. Ke3 Nf6 39. Kd4 Kd6 40.
Bc4 b6 41. g3 Ke7 42. Ke5 g4 43. f4 h5 44. Kf5 Nh7 45. Kg6 Nf6 46. Bd3 Ke6 47.
Kg5 Kf7 48. Bg6+ Kg7 49. Bxh5 Ne4+ 50. Kf5 Nd2 51. Bxg4 a4 52. Be2 Nb3 53. Ke5
Nc5 54. Bb5 1-0

[Event "CPA Zevio 2017"]
[Site "?"]
[Date "2017.01.22"]
[Round "6.4"]
[White "Benedetti, Maurizio"]
[Black "Goldoni, Claudio"]
[Result "0-1"]
[WhiteElo "1635"]
[BlackElo "2025"]
[PlyCount "212"]
[EventDate "2017.??.??"]

1. e4 e5 2. Nf3 Nc6 3. Bb5 g6 4. c3 Bg7 5. O-O Nge7 6. Re1 O-O 7. d4 exd4 8.
cxd4 a6 9. Ba4 d6 10. h3 b5 11. Bb3 Na5 12. Bc2 Bb7 13. Nbd2 c5 14. Nb3 Nxb3
15. Bxb3 c4 16. Bc2 Nc6 17. Bg5 Qc7 18. Bf4 Rfe8 19. Qd2 Rad8 20. Bh6 Bh8 21.
Rad1 Rd7 22. Qf4 Qb6 23. Qg3 Nxd4 24. Nxd4 Bxd4 25. Be3 Bxe3 26. Qxe3 Qxe3 27.
Rxe3 Red8 28. b3 d5 29. exd5 Bxd5 30. bxc4 Bxc4 31. Rxd7 Rxd7 32. Re8+ Kg7 33.
Bb3 Bxb3 34. axb3 Rd1+ 35. Kh2 Rd3 36. Ra8 Rd6 37. Kg3 Kf6 38. h4 Ke5 39. Ra7
f5 40. Re7+ Kd4 41. Rxh7 Kc3 42. Rh6 Kxb3 43. h5 Rd3+ 44. f3 gxh5 45. Rxa6 Rd4
46. Rf6 Rd5 47. Rh6 b4 48. Kf4 Kc2 49. Rxh5 b3 50. Rh8 Rb5 51. g4 fxg4 52. fxg4
b2 53. Rh1 b1=Q 54. Rxb1 Rxb1 55. g5 Kd3 56. Ke5 Rb5+ 57. Kf6 Ke4 58. g6 Rb6+
59. Kf7 Kf5 60. g7 Rb7+ 61. Kf8 Kf6 62. g8=N+ Ke6 63. Nh6 Rh7 64. Ng8 Rf7+ 65.
Ke8 Ra7 66. Kf8 Rb7 67. Nh6 Rh7 68. Ng8 Rh1 69. Kg7 Rg1+ 70. Kf8 Rg6 71. Ne7
Rf6+ 72. Ke8 Rh6 73. Ng8 Rh2 74. Kf8 Rh7 75. Ke8 Rh3 76. Kf8 Rg3 77. Nh6 Kf6
78. Ng8+ Ke6 79. Nh6 Rh3 80. Kg7 Rg3+ 81. Kf8 Rg6 82. Ng8 Rg1 83. Nh6 Ra1 84.
Kg7 Rf1 85. Kh7 Rg1 86. Ng8 Kf7 87. Nh6+ Kf8 88. Nf5 Rg8 89. Nh6 Rg7+ 90. Kh8
Rg6 91. Kh7 Rf6 92. Ng8 Rf7+ 93. Kh8 Rg7 94. Nh6 Rd7 95. Nf5 {(=)} Kf7 96. Ng7
Kg6 97. Ne6 Re7 98. Nf8+ Kh6 99. Kg8 Rg7+ 100. Kh8 Rf7 101. Kg8 Re7 102. Kh8
Ra7 103. Kg8 Kg5 104. Kh8 Kf6 105. Nh7+ Kg6 106. Nf8+ Kf7 0-1

[Event "CPA Zevio 2017"]
[Site "?"]
[Date "2017.01.22"]
[Round "6.5"]
[White "Ferrara, Pietro"]
[Black "De Paoli, Emilio"]
[Result "1-0"]
[WhiteElo "1915"]
[BlackElo "1765"]
[PlyCount "91"]
[EventDate "2017.??.??"]

1. e4 d5 2. exd5 Nf6 3. Nf3 Nxd5 4. Bc4 e6 5. d4 Nc6 6. O-O Be7 7. Nbd2 O-O 8.
Ne4 h6 9. Ne5 Nxe5 10. dxe5 Nb4 11. Qg4 f5 12. exf6 Bxf6 13. Bxh6 Nxc2 14. Rad1
Qe7 15. Bg5 Bxg5 16. Nxg5 Rf6 17. Bb3 Rg6 18. h4 Nb4 19. Rfe1 Kh8 20. Qh5+ Rh6
21. Nf7+ Kh7 22. Nxh6 gxh6 23. Qf5+ Kh8 24. Bxe6 Bxe6 25. Rxe6 Qg7 26. Rde1 Rg8
27. Qf6 Nd3 28. Qxh6+ Qxh6 29. Rxh6+ Kg7 30. Ree6 Nf4 31. Ref6 Rd8 32. g3 Rd1+
33. Kh2 Nd3 34. Rhg6+ Kh7 35. Rg5 Nxb2 36. Rf7+ Kh8 37. Rxc7 Rd2 38. Rf5 Kg8
39. Rxb7 Nc4 40. Rxa7 Ne3 41. Rf4 Nd1 42. Kg1 Rd8 43. h5 Nc3 44. Rg4+ Kh8 45.
h6 Nd5 46. Rd4 1-0

[Event "CPA Zevio 2017"]
[Site "?"]
[Date "2017.01.22"]
[Round "6.6"]
[White "Dalla Vecchia, Paolo"]
[Black "Pieropan, Giorgio"]
[Result "1-0"]
[WhiteElo "1872"]
[BlackElo "1836"]
[PlyCount "105"]
[EventDate "2017.??.??"]

1. d4 d5 2. Nf3 c5 3. dxc5 Nc6 4. c4 d4 5. e3 e5 6. exd4 exd4 7. Bd3 Bxc5 8.
O-O Bg4 9. Re1+ Nge7 10. a3 a5 11. Nbd2 h6 12. Nb3 b6 13. h3 Bh5 14. g4 Bg6 15.
Bxg6 fxg6 16. Qd3 O-O 17. Ne5 Nxe5 18. Rxe5 Nc6 19. Re6 Rf6 20. Qe4 Rc8 21. g5
Rxe6 22. Qxe6+ Kh7 23. gxh6 Bf8 24. hxg7 Bxg7 25. Bf4 a4 26. Nd2 Qe8 27. Re1
Qxe6 28. Rxe6 Bh6 29. Bxh6 Kxh6 30. Rd6 Kh5 31. b4 axb3 32. Nxb3 Kh4 33. Kg2
Kh5 34. Nxd4 Na5 35. Rxb6 Nxc4 36. Rb5+ Kh6 37. a4 Ra8 38. Rb4 Ne5 39. Nb3 Kg7
40. a5 Kf7 41. Kg3 Ke6 42. f4 Nc6 43. Rb5 Kd6 44. Rg5 Ne7 45. Kg4 Rb8 46. Nc5
Rb1 47. Nd3 Rg1+ 48. Kf3 Rh1 49. Kg2 Rd1 50. Ne5 Rd2+ 51. Kf3 Ke6 52. Nxg6 Rd3+
53. Ke4 1-0

[Event "CPA Zevio 2017"]
[Site "?"]
[Date "2017.01.22"]
[Round "6.7"]
[White "Pizzamano, Mario"]
[Black "Gneo, Marco"]
[Result "0-1"]
[WhiteElo "1349"]
[BlackElo "1755"]
[PlyCount "72"]
[EventDate "2017.??.??"]

1. e4 c5 2. Nf3 e6 3. c3 d5 4. exd5 Qxd5 5. d4 Nf6 6. Bb5+ Nc6 7. O-O Be7 8.
Be3 cxd4 9. Nxd4 O-O 10. Bxc6 bxc6 11. Nd2 Bb7 12. Qa4 c5 13. N4f3 Rfd8 14.
Rfd1 Qh5 15. Qh4 Rxd2 16. Qxh5 Rxd1+ 17. Rxd1 Nxh5 18. Ne5 Nf6 19. Nd7 Nxd7 20.
Rxd7 Rd8 21. Rxd8+ Bxd8 22. Bxc5 Bb6 23. Bxb6 axb6 24. a4 Kf8 25. g3 Ke7 26.
Kf1 Kd6 27. b4 Kd5 28. Ke2 Kc4 29. Kd2 Bd5 30. a5 bxa5 31. bxa5 Kb5 32. Ke3 Bb7
33. Kd4 f6 34. f4 Kc6 35. c4 Kd6 36. c5+ Kc6 0-1

[Event "CPA Zevio 2017"]
[Site "?"]
[Date "2017.01.22"]
[Round "6.8"]
[White "Magnabosco, Mauro Denis"]
[Black "Peloni, Davide"]
[Result "1-0"]
[WhiteElo "1767"]
[BlackElo "1742"]
[PlyCount "71"]
[EventDate "2017.??.??"]

1. c4 e5 2. Nc3 Nc6 3. g3 f5 4. Bg2 Nf6 5. d3 Bc5 6. Nf3 d6 7. a3 a5 8. Bg5 h6
9. Bxf6 Qxf6 10. Nd5 Qd8 11. e3 Be6 12. Rb1 Qc8 13. b4 axb4 14. axb4 Bxd5 15.
bxc5 Be6 16. cxd6 cxd6 17. Nh4 g5 18. Nf3 Qc7 19. O-O Qd7 20. Qe2 Bf7 21. Rb2
Bh5 22. Qd2 Ra7 23. Qc3 Rf8 24. Rfb1 f4 25. exf4 gxf4 26. Nh4 f3 27. Bf1 Nd4
28. Qd2 Qg7 29. Kh1 Rf7 30. Qe3 Qh7 31. c5 Nc6 32. cxd6 Bg4 33. Re1 Ra3 34. Qc5
Ra5 35. Qc4 Nd4 36. Qxd4 1-0

[Event "CPA Zevio 2017"]
[Site "?"]
[Date "2017.01.22"]
[Round "6.9"]
[White "Leone, Cataldo"]
[Black "Zenti, Edoardo"]
[Result "0-1"]
[WhiteElo "1620"]
[BlackElo "1676"]
[PlyCount "48"]
[EventDate "2017.??.??"]

1. e4 c5 2. c3 g6 3. d4 cxd4 4. cxd4 d5 5. Bb5+ Nc6 6. exd5 Qxd5 7. Bxc6+ Qxc6
8. Nf3 Bg4 9. Nbd2 Bg7 10. Qb3 Be6 11. Qc3 Qa6 12. Nb3 Rc8 13. Qa5 Qd3 14. Be3
Bc4 15. Qd2 Qf5 16. Rc1 Nf6 17. Na5 Ba6 18. Rxc8+ Qxc8 19. Qc3 O-O 20. Nb3 b6
21. Ne5 Qf5 22. Nd2 Rc8 23. a4 Rxc3 24. bxc3 Qc2 0-1

[Event "CPA Zevio 2017"]
[Site "?"]
[Date "2017.01.22"]
[Round "6.10"]
[White "Tencheni, Maurizio"]
[Black "Di Giovanni, Giuseppe"]
[Result "1-0"]
[WhiteElo "1690"]
[BlackElo "1784"]
[PlyCount "81"]
[EventDate "2017.??.??"]

1. c4 c6 2. e3 g6 3. Nf3 d5 4. cxd5 cxd5 5. d4 Bf5 6. Be2 Bxb1 7. Rxb1 Nc6 8.
Bd2 Nf6 9. O-O e6 10. Qa4 Bd6 11. Bb5 O-O 12. Rfc1 Ne7 13. Bb4 a6 14. Bd3 Bxb4
15. Qxb4 Rb8 16. Rc2 Nc6 17. Qd2 Qd6 18. a3 Nd7 19. Rbc1 f6 20. Bxa6 Nxd4 21.
Nxd4 Qxa6 22. Rc7 Rfd8 23. Qb4 Kf7 24. Qb5 Qxb5 25. Nxb5 Ke7 26. Kf1 e5 27. Ke2
Ke6 28. R1c2 Nb6 29. Rxh7 d4 30. exd4 exd4 31. Kd3 Rd5 32. Nc7+ Kd6 33. Nxd5
Nxd5 34. Kxd4 Nf4 35. g3 Ne6+ 36. Ke3 Ke5 37. Rd2 f5 38. f4+ Kf6 39. Rdd7 Nc5
40. Rd6+ Ne6 41. Rb6 1-0

[Event "CPA Zevio 2017"]
[Site "?"]
[Date "2017.01.22"]
[Round "6.11"]
[White "Kurylovich, Alena"]
[Black "Jimchi, Abdelaziz"]
[Result "1-0"]
[WhiteElo "1644"]
[BlackElo "1720"]
[PlyCount "41"]
[EventDate "2017.??.??"]

1. c4 e6 2. e4 d5 3. cxd5 exd5 4. e5 c6 5. d4 Bf5 6. Nc3 Nd7 7. Nf3 Bb4 8. a3
Ba5 9. Be2 h6 10. h3 Ne7 11. O-O O-O 12. b4 Bc7 13. Bf4 b5 14. a4 a6 15. a5 f6
16. Bh2 fxe5 17. dxe5 Ng6 18. Nd4 Bxe5 19. Bxe5 Ngxe5 20. f4 Nf7 21. Nxf5 1-0

[Event "CPA Zevio 2017"]
[Site "?"]
[Date "2017.01.22"]
[Round "6.12"]
[White "Pisani, Valerio"]
[Black "Perantoni, Matteo"]
[Result "1/2-1/2"]
[WhiteElo "1702"]
[BlackElo "1611"]
[PlyCount "98"]
[EventDate "2017.??.??"]

1. e4 c5 2. Nc3 Nc6 3. g3 g6 4. Bg2 Bg7 5. d3 d6 6. Nge2 Nf6 7. O-O O-O 8. h3
Bd7 9. Be3 Qc8 10. Kh2 Rb8 11. Nf4 Re8 12. g4 Kh8 13. g5 Ng8 14. h4 h6 15. Rh1
Be5 16. Kg1 Kg7 17. Nfd5 h5 18. f4 e6 19. fxe5 exd5 20. Nb5 Qd8 21. exd6 d4 22.
Bf4 Qb6 23. Nc7 Rf8 24. e5 Rbc8 25. b3 Rxc7 26. dxc7 Qxc7 27. Qd2 Qc8 28. Re1
Re8 29. Qf2 Nge7 30. Bd2 Nf5 31. Bh3 Nxe5 32. Bxf5 Bxf5 33. Bf4 Nf3+ 34. Kg2
Nxe1+ 35. Rxe1 Bh3+ 36. Kh2 Rxe1 37. Qxe1 Qg4 38. Qf2 Qe6 39. Bb8 a6 40. Qf6+
Kg8 41. Qxe6 Bxe6 42. Ba7 Bg4 43. Bxc5 Bd1 44. Bxd4 Bxc2 45. b4 Bxd3 46. a3 Kf8
47. Kg3 Ke7 48. Kf4 Ke6 49. Ke3 Bb5 1/2-1/2

[Event "CPA Zevio 2017"]
[Site "?"]
[Date "2017.01.22"]
[Round "6.13"]
[White "Menini, Luca"]
[Black "Antolini, Aldo"]
[Result "0-1"]
[WhiteElo "1612"]
[BlackElo "1660"]
[PlyCount "64"]
[EventDate "2017.??.??"]

1. Nf3 d5 2. d4 Nf6 3. c4 e6 4. Nc3 Nbd7 5. Bg5 c6 6. c5 Qa5 7. a3 Ne4 8. Bd2
Nxd2 9. Qxd2 Qc7 10. e4 dxe4 11. Nxe4 Be7 12. Bd3 h6 13. O-O Nf6 14. Nc3 O-O
15. b4 Bd7 16. Ne5 Nd5 17. Ne4 Bf6 18. f4 a6 19. g4 Rad8 20. g5 hxg5 21. Nxf6+
gxf6 22. Qg2 Ne3 23. Qh3 Nf5 24. Qh5 Bc8 25. Rf3 Kg7 26. fxg5 Rh8 27. gxf6+
Kxf6 28. Rxf5+ exf5 29. Ng4+ fxg4 30. Rf1+ Kg7 31. Qg5+ Kf8 32. Rxf7+ Kxf7 0-1

[Event "CPA Zevio 2017"]
[Site "?"]
[Date "2017.01.22"]
[Round "6.14"]
[White "Jirillo, Antonio"]
[Black "Levan, Alessandro"]
[Result "1/2-1/2"]
[WhiteElo "1593"]
[BlackElo "1590"]
[PlyCount "83"]
[EventDate "2017.??.??"]

1. d4 d5 2. Nc3 e6 3. a3 Nf6 4. Bf4 c6 5. Nf3 h6 6. h3 Bd6 7. Bxd6 Qxd6 8. e3
Nbd7 9. Bd3 O-O 10. Ne5 Nxe5 11. dxe5 Qxe5 12. Qf3 d4 13. Ne4 Nxe4 14. exd4
Qxd4 15. Bxe4 f5 16. Bd3 e5 17. Qe2 Be6 18. O-O-O Qf4+ 19. Kb1 Rad8 20. f3 Qg5
21. Qxe5 Rfe8 22. Qc3 Qe7 23. Rhe1 Qf8 24. Re3 Bd5 25. Rde1 Rxe3 26. Rxe3 Bf7
27. Qe1 g6 28. Qc3 Re8 29. Qe1 Rxe3 30. Qxe3 Qe8 31. Qxe8+ Bxe8 32. Kc1 Kg7 33.
Kd2 Bf7 34. Ke3 Kf6 35. h4 Ke5 36. f4+ Kd5 37. c4+ Kc5 38. b4+ Kd6 39. Kd4 Ke6
40. Be2 h5 41. Kd3 b6 42. a4 1/2-1/2

[Event "CPA Zevio 2017"]
[Site "?"]
[Date "2017.01.22"]
[Round "6.15"]
[White "Fiscato, Claudio"]
[Black "Nori, Marco"]
[Result "0-1"]
[WhiteElo "1703"]
[BlackElo "1440"]
[PlyCount "69"]
[EventDate "2017.??.??"]

1. e4 c5 2. Nf3 e6 3. d4 cxd4 4. Nxd4 a6 5. Be3 d6 6. Nc3 Nf6 7. f3 Be7 8. Qd2
O-O 9. O-O-O Bd7 10. g4 e5 11. Nf5 Bxf5 12. exf5 Qc7 13. h4 Rd8 14. g5 Nh5 15.
Nd5 Qd7 16. Nb6 Qxf5 17. Nxa8 Qe6 18. Qd5 Nc6 19. Qxe6 fxe6 20. Nb6 e4 21. fxe4
Ng3 22. Rg1 Nxe4 23. Bh3 e5 24. Nd5 Bf8 25. Bb6 Ra8 26. Rdf1 a5 27. Rf3 Nb4 28.
Nc7 Nxa2+ 29. Kd1 Rb8 30. Be6+ Kh8 31. Bxa2 Nc5 32. Rgf1 Nd7 33. Bxa5 g6 34.
Rf7 b6 35. Bc3 0-1

[Event "CPA Zevio 2017"]
[Site "?"]
[Date "2017.01.22"]
[Round "6.16"]
[White "Zonta, Riccardo"]
[Black "Martinelli, Franco"]
[Result "1-0"]
[WhiteElo "1582"]
[BlackElo "1514"]
[PlyCount "87"]
[EventDate "2017.??.??"]

1. e4 g6 2. d4 e6 3. Nf3 d6 4. Bc4 Bg7 5. O-O Ne7 6. c3 O-O 7. Be3 b6 8. Nbd2
Bb7 9. Bb3 Nd7 10. Qc2 c6 11. Rfe1 c5 12. Rad1 d5 13. dxc5 bxc5 14. exd5 exd5
15. Nf1 c4 16. Ba4 Nf6 17. Ng3 Qc7 18. Bd4 Rfd8 19. Qb1 Ne4 20. Bxg7 Kxg7 21.
Nxe4 dxe4 22. Nd4 a6 23. Bc2 Qe5 24. Bxe4 Bxe4 25. Rxe4 Qf6 26. Rde1 Ra7 27.
Qc1 Rdd7 28. Qe3 Nf5 29. Nxf5+ Qxf5 30. Rxc4 Rd3 31. Qxa7 Rd2 32. Rb4 Re2 33.
Qd4+ Kh6 34. Rf1 Re6 35. Qf4+ Qxf4 36. Rxf4 Kg7 37. a4 g5 38. Rd4 h5 39. g3 f5
40. b4 Kf6 41. b5 axb5 42. axb5 Re2 43. Rb1 Rc2 44. b6 1-0

[Event "CPA Zevio 2017"]
[Site "?"]
[Date "2017.01.22"]
[Round "6.17"]
[White "Avanzini, Angelo"]
[Black "Venturini, Valter"]
[Result "1-0"]
[WhiteElo "1522"]
[BlackElo "1359"]
[PlyCount "83"]
[EventDate "2017.??.??"]

1. e4 d6 2. d4 Nf6 3. Nc3 Nbd7 4. Bc4 g6 5. Nf3 Bg7 6. e5 dxe5 7. dxe5 Ng4 8.
Ng5 Ngxe5 9. Bb3 e6 10. O-O b6 11. Bxe6 fxe6 12. Nxe6 Qf6 13. Nxc7+ Kf7 14.
Nxa8 Ba6 15. Qd5+ Qe6 16. Qxe6+ Kxe6 17. Nc7+ Kf7 18. Nxa6 Rf8 19. Rd1 Kg8 20.
f4 Bh6 21. fxe5 Bxc1 22. Raxc1 Nxe5 23. Nb4 Kg7 24. Rd5 Ng4 25. Rd7+ Kg8 26.
Re1 Nf6 27. Rxa7 Ng4 28. Ree7 Rd8 29. Rg7+ Kh8 30. Rxh7+ Kg8 31. Rag7+ Kf8 32.
Rxg6 Ne5 33. Rxb6 Kg8 34. Rbh6 Ng6 35. Nbd5 Rf8 36. Ne7+ Nxe7 37. Rxe7 Rb8 38.
Ra6 Kf8 39. Nd5 Rd8 40. c4 Rxd5 41. cxd5 Kxe7 42. Rc6 1-0